000 01167cam a22003734a 4500
001 73565
005 20230410103911.0
008 090213s2009 mc 001 0 fre
010 _a2009405446
035 _a(OCoLC)ocn321049869
040 _aDLC
_cDLC
020 _a9782753804128
020 _a2753804125
035 _a(OCoLC)321049869
043 _aawgz---
050 1 4 _a430 DS 110
_bA459s 2009
049 _aGRAL
100 1 _aAl-Rantissi, Mohamed.
245 1 0 _aSurvivre a Gaza /
_cMohamed al-Rantissi ; propos recueillis par Christophe Oberlin et Jacques-Marie Bourget.
260 _aMonaco :
_bKoutoubia-Editions Alphee,
_c2009.
300 _a197 p. ;
_c22 cm.
504 _aIncludes index
651 0 _aGaza Strip
_xPolitics and government.
651 0 _aGaza Strip
_xSocial conditions.
650 0 _aArab-Israeli conflict
_y1993-
_xOccupied territories.
651 4 _aFranja de Gaza
_xPolĂ­tica y gobierno.
651 4 _aFranja de Gaza
_xCondiciones sociales.
700 1 _aOberlin, Christophe
700 1 _aBourget, Jacques-Marie
923 _d20090218
_nB00096742
_sFrPJT
942 _2lcc
_cbk
994 _aC0
_bDRFGD
946 _aCA
999 _c28064
_d28064